Yüklüyor......

Kerala navodhanam: Puthuvayanakal/

Detaylı Bibliyografya
Diğer Yazarlar: Ajay Sekhar (Ed.), Chandramohan, S.R (Ed.)
Dil:English
Baskı/Yayın Bilgisi: Raven Publications, Thiruvananthapuram 2017
LEADER 00595 a2200169 4500
008 180731b xxu||||| |||| 00| 0 eng d
999 |c 186080  |d 186080 
020 |a 9789385557033 
041 |a MAL 
084 |2 cc  |a Y:13.212 
245 |a Kerala navodhanam:   |b Puthuvayanakal/ 
260 |b Raven Publications, Thiruvananthapuram  |c 2017 
300 |b 239p. 
700 |a Ajay Sekhar  |e Ed. 
700 |a Chandramohan, S.R.  |e Ed. 
942 |c GEN 
952 |0 0  |1 0  |4 0  |6 Y_13_212_000000000000000_32Q72  |7 0  |9 326596  |a LIB  |b LIB  |d 2018-02-09  |e 5  |g 154.00  |l 9  |o Y:13.212 32Q7;2  |p 306381  |q 2019-10-09  |r 2019-09-07  |s 2019-09-07  |v 220.00  |y GEN